000 00575nam a22001937a 4500
005 20140918151123.0
008 140918b xxu||||| |||| 00| 0 eng d
020 _a9788190657044
_c390.00
040 _aLoreto College
082 _a304.2
_bGHO
100 _aGhosh,Dhrubajyoti
245 _aEcosystem management
_cDhrubajyoti Ghosh
_bTowards merging theory and practice
260 _aNew Delhi
_bNimby Books
_c2014
300 _avii,270p
_b22cm
504 _aIncludes bibliographical references and index
650 _aEcology-Management
850 _aLCLIB
942 _cBK
999 _c39486
_d89965